Iniciación al álgebra y al estudio de funciones 1 : secuencias de actividades /
Guardado en:
| Autor Principal: | |
|---|---|
| Otros Autores: | , , |
| Formato: | Libro |
| Publicado: |
Buenos Aires :
Tinta Fresca,
2011
|
| Materias: | |
| Etiquetas: |
Agregar Etiqueta
Sin Etiquetas, Sea el primero en etiquetar este registro!
|
| LEADER | 00848nam a22002775a 4500 | ||
|---|---|---|---|
| 001 | CEM.cems014424 | ||
| 008 | 130507s2011##################000#0#####d | ||
| 005 | 20211110165155.0 | ||
| 003 | CEMS | ||
| 245 | 1 | 0 | |a Iniciación al álgebra y al estudio de funciones 1 : |b secuencias de actividades / |c Silvia Altman y Otros |
| 260 | |a Buenos Aires : |b Tinta Fresca, |c 2011 | ||
| 300 | |a 80 p. | ||
| 590 | |a 1247.014 | ||
| 020 | |a 9789875795436 | ||
| 100 | 1 | |a Altman, Silvia V. | |
| 700 | 1 | |a Arnejo, Mabel | |
| 700 | 1 | |a Comparatore, Claudia | |
| 700 | 1 | |a Kurzrok, Liliana | |
| 082 | 0 | 4 | |a 512 |
| 653 | |a Matemática | ||
| 653 | |a Funciones | ||
| 653 | |a Proporcionalidad | ||
| 653 | |a Algebra | ||
| 653 | |a Biblioteca TC | ||
| 859 | |a CEMS |b BIB. CEMS - 11 de abril |h 512 |i AL79-1 |p 26982.14 |t Ej.1 |v 1 |3 1 | ||
| 859 | |a CEMS |b BIB. CEMS - 11 de abril |h TC |p 1247.014 |t Ej.2 |3 1 | ||
